| 000 | 00955cam a2200265 4500 | ||
|---|---|---|---|
| 001 | J85069 | ||
| 008 | 090401t1997 xxu||||| |||| 00| 0 eng d | ||
| 035 | _a(Sirsi) u79486 | ||
| 041 | _aeng | ||
| 050 | _a692.8 | ||
| 110 |
_aJoint Contracts Tribunal _93664 |
||
| 245 | _aIntermediate Form of Building Contract for Works of Simple Content 1984 edition ... Amendment 11 and guidance note issued May 1997 : joint code of practice on the protection from fire of contruction sites and buildings undergoing renovation. | ||
| 260 |
_aLondon _bRIBA Publications _c1997 |
||
| 300 | _a4p. ; 30cm. | ||
| 350 | _a1 | ||
| 650 | _aAMENDMENT 11 | ||
| 650 | _aBUILT ENVIRONMENT-BUILDING CONTRACT FORMS | ||
| 650 | _aFIRE PROTECTION | ||
| 650 | _aJCT INTERMEDIATE FORM OF BUILDING CONTRACT (1984 EDITION) | ||
| 650 | _aJOINT FIRE CODE | ||
| 650 | _aRENOVATIONS | ||
| 690 | _aBUILT ENVIRONMENT-BUILDING CONTRACT FORMS | ||
| 942 | _n0 | ||
| 948 | _c08/07/1997 | ||
| 999 |
_c96543 _d96543 |
||